|
|
|
|
| LEADER |
03220nam a22005178i 4500 |
| 001 |
45362 |
| 003 |
BD-DhAAL |
| 005 |
20260223142311.0 |
| 008 |
230226t20232025enka b 001 0 eng |
| 010 |
|
|
|a 2022050175
|
| 020 |
|
|
|a 9781009320818
|
| 020 |
|
|
|a 9781009320863
|
| 020 |
|
|
|a 9781009320825
|
| 035 |
|
|
|a 22889710
|
| 040 |
|
|
|a DLC
|b eng
|e rda
|c DLC
|d BD-DhAAL
|
| 042 |
|
|
|a pcc
|
| 043 |
|
|
|a a-ir---
|a a-ii---
|
| 050 |
0 |
0 |
|a PK6412.M63
|b J33 2023
|
| 082 |
0 |
0 |
|a 891.55
|2 23/eng/20221207
|
| 100 |
1 |
|
|a Jabbari, Alexander,
|e author.
|9 60286
|
| 245 |
1 |
4 |
|a The making of Persianate modernity :
|b language and literary history between Iran and India /
|c Alexander Jabbari.
|
| 250 |
|
|
|a First paperback edition 2025.
|
| 260 |
|
|
|a Cambridge ;
|a New York, NY ;
|a India :
|b Cambridge University Press,
|c 2025.
|
| 300 |
|
|
|a xviii, 246 pages :
|b illustrations ;
|c 24 cm
|
| 490 |
0 |
|
|a The global Middle East
|
| 500 |
|
|
|a First publish 2023
|
| 504 |
|
|
|a Includes bibliographical references and index.
|
| 505 |
0 |
|
|a Histories : from Tazkirah to literary history -- Erotics : from bawdy to bashfulness -- Origin myths : indigeneity and hybridity in national narratives -- Print : typography, orthography, punctuation.
|
| 520 |
|
|
|a "Tracing the emergence of literary history, Alexander Jabbari shows how Iranians and South Asians drew from their shared literary heritage to produce a 'Persianate modernity' in the nineteenth and twentieth centuries. Using both Urdu and Persian-language sources, Jabbari examines how intellectual exchange across the region made national cultures"--
|
| 526 |
8 |
|
|a ENH
|x Sabiha Huq, PhD
Professor
Department of English and Humanities
BRAC University
Course Name and No. : Thesis (ENG 698), Dissertations (ENG 466)
|
| 541 |
1 |
|
|a Hye Trade International
|e 45362
|
| 650 |
|
0 |
|a Persian literature
|z Iran
|x History and criticism.
|9 60287
|
| 650 |
|
0 |
|a Persian literature
|z India
|x History and criticism.
|9 60288
|
| 650 |
|
0 |
|a Modernism (Literature)
|z Iran.
|9 60289
|
| 650 |
|
0 |
|a Modernism (Literature)
|z India.
|9 60290
|
| 650 |
|
0 |
|a Persian language
|z Iran
|x History.
|9 60291
|
| 650 |
|
0 |
|a Persian language
|z India
|x History.
|9 60292
|
| 651 |
|
0 |
|a Iran
|x Relations
|z India.
|9 60293
|
| 651 |
|
0 |
|a India
|x Relations
|z Iran.
|9 60294
|
| 651 |
|
0 |
|a Iran
|x Intellectual life
|y 19th century.
|9 60295
|
| 651 |
|
0 |
|a India
|x Intellectual life
|y 19th century.
|9 52719
|
| 830 |
|
|
|a The global Middle East
|9 60296
|
| 942 |
|
|
|2 ddc
|c BK
|
| 999 |
|
|
|c 47725
|d 47725
|
| 952 |
|
|
|0 0
|1 0
|2 ddc
|4 0
|6 891_550000000000000_JAB
|7 0
|9 78785
|a BRACUL
|b BRACUL
|c GEN
|d 2026-01-29
|e Hye Trade International
|g 3577.00
|l 0
|o 891.55 JAB
|p 3010045363
|r 2026-01-29
|t 2
|v 7154.00
|w 2026-01-29
|y BK
|x Requisitioned by Sabiha Huq (Professor, Department of English and Humanities, BRAC University) for the course named- Thesis ‘’(ENG 698)’’, Dissertations ‘’(ENG 466)’’
|
| 952 |
|
|
|0 0
|1 0
|2 ddc
|4 0
|6 891_550000000000000_JAB
|7 0
|9 78786
|a BRACUL
|b BRACUL
|c NEW
|d 2026-01-29
|e Hye Trade International
|g 3577.00
|l 0
|o 891.55 JAB
|p 3010045362
|r 2026-01-29
|t 1
|v 7154.00
|w 2026-01-29
|y BK
|x Requisitioned by Sabiha Huq (Professor, Department of English and Humanities, BRAC University) for the course named- Thesis ‘’(ENG 698)’’, Dissertations ‘’(ENG 466)’’
|